|
|
|
|
| LEADER |
00000cam a2200000 i 4500 |
| 001 |
SCIDIR_on1151606384 |
| 003 |
OCoLC |
| 005 |
20231120010448.0 |
| 006 |
m o d |
| 007 |
cr cnu---unuuu |
| 008 |
200422s2020 mau o 000 0 eng d |
| 040 |
|
|
|a OPELS
|b eng
|e rda
|e pn
|c OPELS
|d OCLCF
|d OCLCQ
|d OCLCO
|d OCLCQ
|d AAA
|d OCLCO
|
| 020 |
|
|
|z 9780128207253
|q (print)
|
| 035 |
|
|
|a (OCoLC)1151606384
|
| 050 |
|
4 |
|a QL751
|
| 082 |
0 |
4 |
|a 591.5
|2 23
|
| 245 |
0 |
0 |
|a Advances in the study of behavior
|n Volume 52 /
|c edited by Marc Naguib [and more].
|
| 264 |
|
1 |
|a Cambridge, MA :
|b Academic Press is an imprint of Elsevier,
|c 2020.
|
| 300 |
|
|
|a 1 online resource
|
| 336 |
|
|
|a text
|b txt
|2 rdacontent
|
| 337 |
|
|
|a computer
|b c
|2 rdamedia
|
| 338 |
|
|
|a online resource
|b cr
|2 rdacarrier
|
| 490 |
1 |
|
|a Advances in the study of behavior ;
|v v. 52
|
| 588 |
0 |
|
|a Online resource; title from PDF title page (ScienceDirect, viewed April 22, 2020).
|
| 650 |
|
0 |
|a Animal behavior.
|
| 650 |
|
7 |
|a Animal behavior
|2 fast
|0 (OCoLC)fst00809079
|
| 700 |
1 |
|
|a Naguib, Marc,
|e editor.
|
| 830 |
|
0 |
|a Advances in the study of behavior ;
|v v. 52.
|
| 856 |
4 |
0 |
|u https://sciencedirect.uam.elogim.com/science/bookseries/00653454/52
|z Texto completo
|